logo

Bir Sreshtho Munshi Abdur Rouf Library
Jhenaidah Cadet College

Physical Geography / (Record no. 4836)

MARC details
000 -LEADER
fixed length control field 00572nam a2200229 a 4500
001 - CONTROL NUMBER
JCCL Control Number 4836
003 - CONTROL NUMBER IDENTIFIER
JCCL marc code BD-JhCC
005 - DATE AND TIME OF LATEST TRANSACTION
control field 20180305194752.0
008 - FIXED-LENGTH DATA ELEMENTS--GENERAL INFORMATION
fixed length control field 171204b1915 enka|||| ||a| 001 0 eng d
035 ## - SYSTEM CONTROL NUMBER
system control number (BD-JhCC)4836
040 ## - CATALOGING SOURCE
Original cataloging agency BD-JhCC
Modifying agency BD-JhCC
041 ## - LANGUAGE CODE
Language code of Book eng
082 ## - DEWEY DECIMAL CLASSIFICATION NUMBER
Classification number 551
Author mark and Year LAK 1915
100 ## - MAIN ENTRY--PERSONAL NAME
Personal name Lake, Philip
245 ## - TITLE STATEMENT
Title Physical Geography /
Statement of responsibility, etc Philip Lake
250 ## - EDITION STATEMENT
Edition statement 4th ed.
260 ## - PUBLICATION, DISTRIBUTION, ETC. (IMPRINT)
Place of publication, distribution, etc London :
Name of publisher, distributor, etc Cambridge University Press,
Date of publication, distribution, etc 1915.
300 ## - PHYSICAL DESCRIPTION
Pagination 483 p. :
Dimensions 22 cm.
Other physical details illu;
650 ## - SUBJECT ADDED ENTRY--TOPICAL TERM
Topical term or geographic name as entry element Physical Geography
942 ## - ADDED ENTRY ELEMENTS (KOHA)
Source of classification or shelving scheme Dewey Decimal Classification
Koha item type Books
Holdings
Source of classification or shelving scheme Damaged status Not for loan Home library Current library Shelving location Date of accession Total Checkouts Full call number Barcode Date last seen Koha item type Copy number
Dewey Decimal Classification     JCC Rouf Library JCC Rouf Library General Stacks 12/04/2017   551 LAK 1915 6462 12/04/2017 Books  
Dewey Decimal Classification     JCC Rouf Library JCC Rouf Library General Stacks 02/22/2018   551 LAK 1915 10997 02/22/2018 Books C-2
Dewey Decimal Classification     JCC Rouf Library JCC Rouf Library General Stacks     551 LAK 1915 11013 03/05/2018 Books C - 2

JCC Library | Contacts | JCC Home

Last Update on 23 September 2017
Copyright @ 2017-2020 JCC Rouf Library
Rouf Library, Jhenidah Cadet College (JCC), Bangladesh